A-Z: Escribe un país de cada continente por cada letra - Estadísticas

Estadísticas generales
  • Esta prueba ha sido intentada 125 veces
    29 desde el último reinicio
  • La puntuación promedio es 76 de 85
Estadísticas de respuestas
% Correcto
Asia A Afganistán | Arabia Saudita +2
100%
Europa A Albania | Alemania | Andorra +1
100%
África A Angola | Argelia
100%
América del Norte A Antigua y Barbuda
100%
América del Norte B Bahamas | Barbados
100%
Europa B Bélgica | Bielorrusia +2
100%
África B Benín | Botsuana +2
100%
África C Cabo Verde | Camerún +3
100%
América del Norte C Canadá | Cuba | Costa Rica
100%
América del Sur C Chile | Colombia
100%
América del Sur E Ecuador
100%
África E Egipto | Eritrea | Esuatini +1
100%
Europa E Eslovaquia | Eslovenia +2
100%
Europa F Finlandia | Francia
100%
América del Norte G Granada | Guatemala
100%
Europa G Grecia
100%
Asia I India | Indonesia | Irak | Irán +1
100%
Europa I Irlanda | Islandia | Italia
100%
Asia J Japón | Jordania
100%
África K Kenia
100%
Europa K Kosovo
100%
Europa M Macedonia del Norte | Malta +3
100%
África M Madagascar | Malaui | Malí +4
100%
África N Namibia | Níger | Nigeria
100%
Asia O Omán
100%
Europa P Países Bajos | Polonia +1
100%
Europa R Reino Unido +4
100%
Europa S San Marino | Serbia +2
100%
África S Santo Tomé y Príncipe +7
100%
América del Sur U Uruguay
100%
Asia Y Yemen
100%
África Z Zambia | Zimbabue
100%
América del Sur A Argentina
92%
Oceanía A Australia
92%
América del Sur B Bolivia | Brasil
92%
Asia C Camboya | Catar | China +3
92%
Europa D Dinamarca
92%
América del Norte D Dominica
92%
Oceanía F Fiyi
92%
África G Gabón | Gambia | Ghana +3
92%
América del Norte H Haití | Honduras
92%
Asia K Kazajistán | Kirguistán | Kuwait
92%
Asia L Laos | Líbano
92%
África L Lesoto | Liberia | Libia
92%
Europa L Letonia | Liechtenstein +2
92%
Asia M Malasia | Maldivas +2
92%
América del Norte N Nicaragua
92%
Asia P Pakistán
92%
América del Sur P Paraguay | Perú
92%
África R República Centroafricana +3
92%
Asia S Singapur | Sri Lanka | Siria
92%
América del Sur S Surinam
92%
Asia T Tailandia | Taiwán +3
92%
África U Uganda
92%
Asia B Baréin | Bangladés | Brunéi +1
83%
Europa C Ciudad del Vaticano | Croacia
83%
Asia E Emiratos Árabes Unidos
83%
América del Sur G Guyana
83%
Europa H Hungría
83%
América del Norte J Jamaica
83%
Oceanía K Kiribati
83%
América del Norte M México
83%
Oceanía N Nauru | Nueva Zelanda
83%
Europa N Noruega
83%
América del Norte S San Cristóbal y Nieves +2
83%
América del Norte T Trinidad y Tobago
83%
Europa U Ucrania
83%
Asia U Uzbekistán
83%
Oceanía V Vanuatu
83%
América del Sur V Venezuela
83%
Asia V Vietnam
83%
América del Norte E Estados Unidos | El Salvador
75%
Asia N Nepal
75%
Oceanía P Palaos | Papúa Nueva Guinea
75%
América del Norte P Panamá
75%
Asia R Rusia
75%
Oceanía S Samoa
75%
Oceanía T Tonga | Tuvalu
75%
África Y Yibuti
75%
Asia F Filipinas
67%
Asia G Georgia
67%
Oceanía I Islas Marshall | Islas Salomón
67%
América del Norte R República Dominicana
67%
Oceanía E Estados Federados de Micronesia
50%
África T Túnez
42%
No se encontraron pruebas coincidentes
Distribución de puntuación
Porcentaje de gente con cada puntuación
Porcentaje por número respondido
Historial de tus puntuaciones
No has intentado esta prueba desde el último reinicio